000 01317nam a22002657a 4500
001 8242
003 FISKH
005 20250904143446.0
008 250904b cb ||||| |||| 00| 0 eng d
020 _a9780194645614
040 _aFISKH
_beng
_cFISKH
_dFISKH
050 _aPE1126.A4 N6784
082 _a391
100 _aNorthcott, Richard
245 _aClothes then and now /
_cBy Richard Northcott
260 _aOxford :
_bOxford University Press ,
_c2010.
300 _a56 pages :
_bcolor illustrations ;
_c21 cm .
490 _aOxford Read and Discover
_vLevel 6
505 _aO
520 _aThis exciting new series of non-fiction readers provides interesting and educational content, with activities and project work. The readers are graded at four levels, from 3 to 6, suitable for students from age 8 and older. They can support Content and Language Integrated Learning (CLIL), andcover a broad range of topics, within three curriculum areas:The World of Science and TechnologyThe Natural WorldThe World of Arts and Social StudiesAlso available for each reader:Activity BookAudio CD Pack (Reader and Audio CD)Teacher's Notes and CLIL guidance at www.oup.com/elt/readanddiscover
521 8 _a600
_bLexile estimate
521 8 _aO
_bRaz-Plus
942 _2ddc
_cBK
_n0
999 _c8242
_d8242